000 00661nam a22002177a 4500
005 20240530110437.0
008 150214s2009 ua g 000 f ara d
017 _a2007/22283
_bمصر . دار الكتب المصرية
020 _a9771441531
040 _aEG-CaGPL
041 0 _aara
082 0 4 _221
_a818.02\
_bع ن
100 0 _aعزت السعدنى
245 1 0 _aنساء بلا شاطئ /
_cعزت السعدنى
250 _aط 2
260 _aالقاهرة :
_bدار نهضة مصر ،
_c2009
300 _a299 ص ؛
_c24 سم
650 0 4 _aالقصص العربية
942 _2ddc
_cBK
999 _c60971
_d60971